<?xml version="1.0" encoding="UTF-8"?>
<collection xmlns="http://www.loc.gov/MARC21/slim">
 <record>
  <leader>01627aam a22002178a 4500</leader>
  <controlfield tag="001">NCT_1381</controlfield>
  <controlfield tag="008">130507s2013                  ||||||viesd</controlfield>
  <datafield tag="999" ind1=" " ind2=" ">
   <subfield code="c">73</subfield>
   <subfield code="d">73</subfield>
  </datafield>
  <datafield tag="020" ind1=" " ind2=" ">
   <subfield code="c">38000</subfield>
  </datafield>
  <datafield tag="082" ind1="0" ind2="4">
   <subfield code="2">23rd ed.</subfield>
   <subfield code="a">543</subfield>
   <subfield code="b">D513/Ph.3</subfield>
  </datafield>
  <datafield tag="100" ind1="1" ind2=" ">
   <subfield code="a">Nguyễn Tinh Dung</subfield>
  </datafield>
  <datafield tag="245" ind1="1" ind2="0">
   <subfield code="a">Hoá học phân tích</subfield>
   <subfield code="n">Phần 3</subfield>
   <subfield code="p">Các phương pháp định lượng hoá học</subfield>
   <subfield code="c">Nguyễn Tinh Dung</subfield>
  </datafield>
  <datafield tag="250" ind1=" " ind2=" ">
   <subfield code="a">Tái bản lần thứ 8</subfield>
  </datafield>
  <datafield tag="260" ind1=" " ind2=" ">
   <subfield code="a">H.</subfield>
   <subfield code="b">Giáo dục</subfield>
   <subfield code="c">2013</subfield>
  </datafield>
  <datafield tag="300" ind1=" " ind2=" ">
   <subfield code="a">303tr.</subfield>
   <subfield code="b">hình vẽ, bảng</subfield>
   <subfield code="c">21cm</subfield>
  </datafield>
  <datafield tag="520" ind1="3" ind2=" ">
   <subfield code="a">Nội dung tài liệu trình bày đối tượng, nhiệm vụ của phân tích định lượng. Biểu diễn và đánh giá kết quả phân tích định lượng. Các phép đo chính xác trong phân tích định lượng hoá học. Đại cương về phân tích thể tích. Phương pháp phân tích khối lượng, chuẩn độ axít - bazơ, chuẩn độ tạo phức, chuẩn độ kết tủa và chuẩn độ ôxi hoá - khử</subfield>
  </datafield>
  <datafield tag="942" ind1=" " ind2=" ">
   <subfield code="2">ddc</subfield>
   <subfield code="c">BK</subfield>
  </datafield>
  <datafield tag="952" ind1=" " ind2=" ">
   <subfield code="0">0</subfield>
   <subfield code="1">0</subfield>
   <subfield code="2">ddc</subfield>
   <subfield code="4">0</subfield>
   <subfield code="6">543_000000000000000_D513_PH_3</subfield>
   <subfield code="7">0</subfield>
   <subfield code="9">273</subfield>
   <subfield code="a">000001</subfield>
   <subfield code="b">000001</subfield>
   <subfield code="d">2017-10-04</subfield>
   <subfield code="o">543 D513/Ph.3</subfield>
   <subfield code="p">MD.00334</subfield>
   <subfield code="r">2017-10-04</subfield>
   <subfield code="v">38000.00</subfield>
   <subfield code="w">2017-10-04</subfield>
   <subfield code="y">BK</subfield>
  </datafield>
  <datafield tag="952" ind1=" " ind2=" ">
   <subfield code="0">0</subfield>
   <subfield code="1">0</subfield>
   <subfield code="2">ddc</subfield>
   <subfield code="4">0</subfield>
   <subfield code="6">543_000000000000000_D513_PH_3</subfield>
   <subfield code="7">0</subfield>
   <subfield code="9">274</subfield>
   <subfield code="a">000001</subfield>
   <subfield code="b">000001</subfield>
   <subfield code="d">2017-10-04</subfield>
   <subfield code="o">543 D513/Ph.3</subfield>
   <subfield code="p">MD.00335</subfield>
   <subfield code="r">2017-10-04</subfield>
   <subfield code="v">38000.00</subfield>
   <subfield code="w">2017-10-04</subfield>
   <subfield code="y">BK</subfield>
  </datafield>
  <datafield tag="952" ind1=" " ind2=" ">
   <subfield code="0">0</subfield>
   <subfield code="1">0</subfield>
   <subfield code="2">ddc</subfield>
   <subfield code="4">0</subfield>
   <subfield code="6">543_000000000000000_D513_PH_3</subfield>
   <subfield code="7">0</subfield>
   <subfield code="9">275</subfield>
   <subfield code="a">000001</subfield>
   <subfield code="b">000001</subfield>
   <subfield code="d">2017-10-04</subfield>
   <subfield code="o">543 D513/Ph.3</subfield>
   <subfield code="p">MD.00336</subfield>
   <subfield code="r">2017-10-04</subfield>
   <subfield code="v">38000.00</subfield>
   <subfield code="w">2017-10-04</subfield>
   <subfield code="y">BK</subfield>
  </datafield>
  <datafield tag="980" ind1=" " ind2=" ">
   <subfield code="a">Thư viện Trường Đại học Nam Cần Thơ</subfield>
  </datafield>
 </record>
</collection>
